Modern Standard-Issue Rifles of NATO - Statistics

General Stats
  • This quiz has been taken 98 times
  • The average score is 6 of 16
Answer Stats
Picture Answer % Correct
FN SCAR-L
96%
FAMAS F1
88%
HK G3
70%
HK G36
66%
M4A1
66%
HK416
65%
FN FNC
30%
M7
28%
Colt Canada C8
26%
Beretta ARX160
25%
CZ 805 BREN
19%
AK 5C
16%
FB Beryl
14%
Beretta AR70/90
11%
RK 62
9%
PA md. 86 / AIMS-74
0%
No matching quizzes found
Score Distribution
Percent of People with Each Score
Percentile by Number Answered
Your Score History
You have not taken this quiz